书目信息 |
| 题名: |
政府工作报告
|
|
| 作者: | 华国锋 , 朱镕基报告 报告 | |
| 分册: | ||
| 出版信息: | 北京 人民出版社 2003 |
|
| 页数: | 55页 | |
| 开本: | 19cm | |
| 丛书名: | ||
| 单 册: | ||
| 中图分类: | D220 , D623 | |
| 科图分类: | ||
| 主题词: | 政府工作报告-全国人民代表大会,第十届--中国 , 政治--中国 | |
| 电子资源: | ||
| ISBN: | 7-01-003897-X | |
| 000 | 00989nam0 2200277 45 | |
| 001 | 0179003662 | |
| 005 | 20070718172825.67 | |
| 010 | @a7-01-003897-X@dCNY3.20 | |
| 100 | @a19950713d2003 em y0chiy0121 ea | |
| 101 | 0 | @achi |
| 102 | @aCN@b110000 | |
| 102 | @aCN@b110000 | |
| 105 | @ay z 100yy | |
| 200 | 10 | @a政府工作报告@Azheng fu gong zuo bao gao@e2003年3月5日在第十届全国人民代表大会第一次会议上@f朱镕基报告@Fzhu rong ji bao gao |
| 210 | @a北京@c人民出版社@d2003 | |
| 215 | @a55页@d19cm | |
| 517 | 1 | @a2003年3月5日在第十届全国人民代表大会第一次会议上@A2003 nian 3 yue 5 ri zai di shi jie quan guo ren min dai biao da hui di yi ci hui yi shang |
| 601 | 12 | @a全国人民代表大会,第十届@x政府工作报告@y中国 |
| 606 | @a政府工作报告-全国人民代表大会,第十届@y中国 | |
| 606 | 0 | @a政治@x中国 |
| 690 | @aD220@v4 | |
| 690 | @aD623@v3 | |
| 701 | 0 | @a华国锋@Ahua guo feng@4报告 |
| 701 | 0 | @a朱镕基报告@Azhu rong ji bao gao |
| 801 | 0 | @aCN@bTSSF@c20070718 |
| 905 | @a10447@dD623@e34 | |
| 政府工作报告:2003年3月5日在第十届全国人民代表大会第一次会议上/朱镕基报告.-北京:人民出版社,2003 |
| 55页;19cm |
| ISBN 7-01-003897-X:CNY3.20 |
| ● |
| 相关链接 |
|
|
|
|
正题名:政府工作报告
索取号:D623/34
 
预约/预借
| 序号 | 登录号 | 条形码 | 馆藏地/架位号 | 状态 | 备注 |
| 1 | 0765796 | 207657962 | 第一样本阅览室/ [索取号:D623/34] | 在馆 | |
| 2 | 0770530 | 207705303 | 密集书库/ [索取号:D623/34] | 在馆 |